Confusing World Quiz? - Statistics

General Stats
  • This quiz has been taken 14 times
  • The average score is 124 of 196
Answers on the Map
Answers color-coded by a green-red scale on the quiz's map according to % correct below.
 
Answer Stats
Country % Correct
China
100%
Russia
100%
United States
91%
Canada
82%
United Kingdom
82%
Albania
73%
Argentina
73%
Austria
73%
Nigeria
73%
Brazil
73%
Chad
73%
Chile
73%
Fiji
73%
Finland
73%
Guinea
73%
India
73%
Ireland
73%
Mexico
73%
Niger
73%
Pakistan
73%
Palau
73%
Paraguay
73%
Poland
73%
Slovenia
73%
Thailand
73%
United Arab Emirates
73%
Uruguay
73%
Vanuatu
73%
Afghanistan
64%
Andorra
64%
Angola
64%
Armenia
64%
Azerbaijan
64%
Belarus
64%
Belgium
64%
Belize
64%
Bhutan
64%
Bolivia
64%
Bosnia and Herzegovina
64%
Botswana
64%
Brunei
64%
Bulgaria
64%
Burundi
64%
Central African Republic
64%
Colombia
64%
Comoros
64%
Croatia
64%
Cuba
64%
Djibouti
64%
Dominica
64%
East Timor
64%
Ecuador
64%
Egypt
64%
El Salvador
64%
Eritrea
64%
Estonia
64%
Eswatini
64%
Federated States of Micronesia
64%
France
64%
Gambia
64%
Georgia
64%
Ghana
64%
Grenada
64%
Guinea-Bissau
64%
Guyana
64%
Haiti
64%
Hungary
64%
Iraq
64%
Israel
64%
Ivory Coast
64%
Jamaica
64%
Jordan
64%
Kazakhstan
64%
Kenya
64%
Kiribati
64%
Kosovo
64%
Kuwait
64%
Laos
64%
Latvia
64%
Lesotho
64%
Liberia
64%
Libya
64%
Liechtenstein
64%
Lithuania
64%
Luxembourg
64%
Malawi
64%
Malaysia
64%
Maldives
64%
Mali
64%
Malta
64%
Marshall Islands
64%
Mauritania
64%
Mauritius
64%
Moldova
64%
Monaco
64%
Montenegro
64%
Morocco
64%
Mozambique
64%
Myanmar
64%
Namibia
64%
Nauru
64%
Nepal
64%
Netherlands
64%
New Zealand
64%
North Korea
64%
North Macedonia
64%
Norway
64%
Oman
64%
Panama
64%
Papua New Guinea
64%
Peru
64%
Portugal
64%
Romania
64%
Rwanda
64%
Saint Lucia
64%
Saint Vincent and the Grenadines
64%
Samoa
64%
San Marino
64%
São Tomé and Príncipe
64%
Saudi Arabia
64%
Senegal
64%
Serbia
64%
Singapore
64%
Slovakia
64%
Somalia
64%
South Africa
64%
South Korea
64%
South Sudan
64%
Spain
64%
Sri Lanka
64%
Sudan
64%
Suriname
64%
Sweden
64%
Syria
64%
Tajikistan
64%
Tanzania
64%
Togo
64%
Tonga
64%
Trinidad and Tobago
64%
Tunisia
64%
Turkey
64%
Turkmenistan
64%
Uganda
64%
Ukraine
64%
Uzbekistan
64%
Vatican City
64%
Venezuela
64%
Vietnam
64%
Yemen
64%
Zambia
64%
Zimbabwe
64%
Algeria
55%
Antigua and Barbuda
55%
Australia
55%
Bahamas
55%
Bahrain
55%
Barbados
55%
Cambodia
55%
Cyprus
55%
Benin
55%
Burkina Faso
55%
Cameroon
55%
Costa Rica
55%
Czech Republic
55%
Democratic Republic of the Congo
55%
Denmark
55%
Dominican Republic
55%
Equatorial Guinea
55%
Ethiopia
55%
Gabon
55%
Germany
55%
Greece
55%
Guatemala
55%
Honduras
55%
Iceland
55%
Indonesia
55%
Italy
55%
Japan
55%
Lebanon
55%
Madagascar
55%
Nicaragua
55%
Philippines
55%
Qatar
55%
Republic of the Congo
55%
Saint Kitts and Nevis
55%
Seychelles
55%
Sierra Leone
55%
Switzerland
55%
Taiwan
55%
Tuvalu
55%
Bangladesh
45%
Cape Verde
45%
Kyrgyzstan
45%
Mongolia
45%
No matching quizzes found
Score Distribution
Percent of People with Each Score
Percentile by Number Answered
Your Score History
You have not taken this quiz